[Event "Benidorm Satellite preliminary"]
[Site "playchess.com #007036"]
[Date "2009.10.24"]
[Round "13"]
[White "Bobby Short"]
[Black "Casellina"]
[Result "0-1"]
[WhiteElo "1424"]
[BlackElo "1540"]
[PlyCount "96"]
[EventDate "2009.10.24"]
[EventType "swiss (blitz)"]

1. e4 {[%emt 0:00:06]} e5 {[%emt 0:00:01]} 2. Nc3 {[%emt 0:00:03]} Nf6 {[%emt
0:00:01]} 3. d3 {[%emt 0:00:01]} Nc6 {[%emt 0:00:02]} 4. f4 {[%emt 0:00:01]} d6
{[%emt 0:00:06]} 5. f5 {[%emt 0:00:03]} d5 {[%emt 0:00:05]} 6. Nf3 {[%emt 0:00:
03]} dxe4 {[%emt 0:00:03]} 7. Nxe4 {[%emt 0:00:02]} Nxe4 {[%emt 0:00:02]} 8.
dxe4 {[%emt 0:00:01]} Qxd1+ {[%emt 0:00:01]} 9. Kxd1 {[%emt 0:00:01]} g6 {
[%emt 0:00:07]} 10. fxg6 {[%emt 0:00:05]} hxg6 {[%emt 0:00:03]} 11. Bc4 {[%emt
0:00:02]} Bg4 {[%emt 0:00:04]} 12. Bg5 {[%emt 0:00:07]} Be7 {[%emt 0:00:16]}
13. Bxe7 {[%emt 0:00:15]} Kxe7 {[%emt 0:00:01]} 14. c3 {[%emt 0:00:01]} Rad8+ {
[%emt 0:00:12]} 15. Kc2 {[%emt 0:00:00]} Rd6 {[%emt 0:00:14]} 16. Bd5 {[%emt 0:
00:02]} Bxf3 {[%emt 0:00:22]} 17. gxf3 {[%emt 0:00:06]} Nd8 {[%emt 0:00:03]}
18. h4 {[%emt 0:00:09]} c6 {[%emt 0:00:02]} 19. Bc4 {[%emt 0:00:04]} Ne6 {
[%emt 0:00:11]} 20. Bxe6 {[%emt 0:00:08]} Kxe6 {[%emt 0:00:04]} 21. a4 {[%emt
0:00:09]} Rhd8 {[%emt 0:00:04]} 22. h5 {[%emt 0:00:06]} Rd2+ {[%emt 0:00:05]}
23. Kb3 {[%emt 0:00:02]} gxh5 {[%emt 0:00:05]} 24. Rxh5 {[%emt 0:00:03]} Rf2 {
[%emt 0:00:01]} 25. Rh3 {[%emt 0:00:04]} Rdd2 {[%emt 0:00:05]} 26. Rb1 {[%emt
0:00:05]} Rd3 {[%emt 0:00:04]} 27. Rh6+ {[%emt 0:00:04]} f6 {[%emt 0:00:02]}
28. Rh7 {[%emt 0:00:01]} Rd7 {[%emt 0:00:11]} 29. Rbh1 {[%emt 0:00:09]} Rxf3 {
[%emt 0:00:03]} 30. Rxd7 {[%emt 0:00:01]} Kxd7 {[%emt 0:00:03]} 31. Rh7+ {
[%emt 0:00:00]} Kd6 {[%emt 0:00:05]} 32. Rxb7 {[%emt 0:00:02]} Re3 {[%emt 0:00:
09]} 33. Rxa7 {[%emt 0:00:01]} Rxe4 {[%emt 0:00:01]} 34. Rf7 {[%emt 0:00:05]}
Ke6 {[%emt 0:00:07]} 35. Rf8 {[%emt 0:00:03]} Re1 {[%emt 0:00:07]} 36. Ka2 {
[%emt 0:00:05]} Ke7 {[%emt 0:00:17]} 37. Rh8 {[%emt 0:00:08]} Kd7 {[%emt 0:00:
01]} 38. Rf8 {[%emt 0:00:09]} Rf1 {[%emt 0:00:02]} 39. a5 {[%emt 0:00:03]} Kc7
{[%emt 0:00:01]} 40. b4 {[%emt 0:00:10]} e4 {[%emt 0:00:03]} 41. Re8 {[%emt 0:
00:03]} f5 {[%emt 0:00:02]} 42. a6 {[%emt 0:00:06]} Kb6 {[%emt 0:00:15]} 43.
Ra8 {[%emt 0:00:22]} e3 {[%emt 0:00:03]} 44. c4 {[%emt 0:00:01]} e2 {[%emt 0:
00:06]} 45. c5+ {[%emt 0:00:01]} Kb5 {[%emt 0:00:05]} 46. a7 {[%emt 0:00:06]}
e1=Q {[%emt 0:00:06]} 47. Rb8+ {[%emt 0:00:00]} Kc4 {[%emt 0:00:02]} 48. a8=Q {
[%emt 0:00:08]} Qa1# {[%emt 0:00:02]} 0-1

[Event "Benidorm Satellite preliminary"]
[Site "playchess.com #007036"]
[Date "2009.10.24"]
[Round "13"]
[White "Rubirov"]
[Black "Wild"]
[Result "1-0"]
[WhiteElo "1506"]
[BlackElo "1423"]
[PlyCount "111"]
[EventDate "2009.10.24"]
[EventType "swiss (blitz)"]

1. e4 {[%emt 0:00:02]} c5 {[%emt 0:00:05]} 2. Nf3 {[%emt 0:00:02]} a6 {[%emt 0:
00:01]} 3. c4 {[%emt 0:00:03]} e6 {[%emt 0:00:04]} 4. Nc3 {[%emt 0:00:01]} Ne7
{[%emt 0:00:01]} 5. d4 {[%emt 0:00:03]} cxd4 {[%emt 0:00:01]} 6. Nxd4 {[%emt 0:
00:01]} Nbc6 {[%emt 0:00:06]} 7. Be3 {[%emt 0:00:02]} Nxd4 {[%emt 0:00:01]} 8.
Bxd4 {[%emt 0:00:02]} d5 {[%emt 0:00:01]} 9. Be2 {[%emt 0:00:27]} dxe4 {[%emt
0:00:09]} 10. Nxe4 {[%emt 0:00:03]} Ng6 {[%emt 0:00:03]} 11. O-O {[%emt 0:00:
07]} f5 {[%emt 0:00:04]} 12. Nc3 {[%emt 0:00:16]} Qe7 {[%emt 0:00:02]} 13. Re1
{[%emt 0:00:08]} e5 {[%emt 0:00:05]} 14. Bb6 {[%emt 0:00:19]} Qd6 {[%emt 0:00:
06]} 15. Qxd6 {[%emt 0:00:10]} Bxd6 {[%emt 0:00:02]} 16. Rad1 {[%emt 0:00:09]}
Be7 {[%emt 0:00:12]} 17. Nd5 {[%emt 0:00:02]} O-O {[%emt 0:00:04]} 18. Bh5 {
[%emt 0:00:08]} Be6 {[%emt 0:00:03]} 19. Bxg6 {[%emt 0:00:08]} Bxd5 {[%emt 0:
00:01]} 20. Bxh7+ {[%emt 0:00:05]} Kxh7 {[%emt 0:00:06]} 21. Rxd5 {[%emt 0:00:
03]} e4 {[%emt 0:00:07]} 22. f3 {[%emt 0:00:18]} Bb4 {[%emt 0:00:02]} 23. Re2 {
[%emt 0:00:34]} Rae8 {[%emt 0:00:03]} 24. fxe4 {[%emt 0:00:12]} fxe4 {[%emt 0:
00:11]} 25. a3 {[%emt 0:00:18]} Rf6 {[%emt 0:00:22] '} 26. Bc5 {[%emt 0:00:03]}
Bxc5+ {[%emt 0:00:02]} 27. Rxc5 {[%emt 0:00:02]} Rd6 {[%emt 0:00:07]} 28. Rd5 {
[%emt 0:00:03]} Rb6 {[%emt 0:00:06]} 29. b4 {[%emt 0:00:02]} Rbe6 {[%emt 0:00:
07]} 30. c5 {[%emt 0:00:02]} e3 {[%emt 0:00:03]} 31. Kf1 {[%emt 0:00:02]} Rf8+
{[%emt 0:00:02]} 32. Ke1 {[%emt 0:00:04]} Rf4 {[%emt 0:00:09]} 33. Rd3 {[%emt
0:00:02]} Rfe4 {[%emt 0:00:01]} 34. Kd1 {[%emt 0:00:03]} Rg6 {[%emt 0:00:05]}
35. Kc2 {[%emt 0:00:03]} Rge6 {[%emt 0:00:05]} 36. Kc3 {[%emt 0:00:03]} g5 {
[%emt 0:00:02]} 37. Rd4 {[%emt 0:00:02]} Rxd4 {[%emt 0:00:01]} 38. Kxd4 {[%emt
0:00:02]} Kg6 {[%emt 0:00:02]} 39. Rxe3 {[%emt 0:00:01]} Rf6 {[%emt 0:00:02]}
40. Kd3 {[%emt 0:00:02]} Rf3 {[%emt 0:00:01]} 41. Rxf3 {[%emt 0:00:01]} g4 {
[%emt 0:00:01]} 42. Rf2 {[%emt 0:00:02]} Kg5 {[%emt 0:00:01]} 43. g3 {[%emt 0:
00:01]} Kg6 {[%emt 0:00:04]} 44. Kd4 {[%emt 0:00:01]} Kg5 {[%emt 0:00:01]} 45.
Kd5 {[%emt 0:00:01]} Kg6 {[%emt 0:00:01]} 46. Kd6 {[%emt 0:00:01]} Kg7 {[%emt
0:00:01]} 47. Kc7 {[%emt 0:00:01]} Kg6 {[%emt 0:00:01]} 48. Kxb7 {[%emt 0:00:
01]} a5 {[%emt 0:00:01]} 49. bxa5 {[%emt 0:00:01]} Kg5 {[%emt 0:00:01]} 50. c6
{[%emt 0:00:01]} Kg6 {[%emt 0:00:01]} 51. c7 {[%emt 0:00:01]} Kg7 {[%emt 0:00:
01]} 52. c8=Q {[%emt 0:00:03]} Kg6 {[%emt 0:00:01]} 53. Qf5+ {[%emt 0:00:04]}
Kh6 {[%emt 0:00:01]} 54. Qxg4 {[%emt 0:00:02]} Kh7 {[%emt 0:00:01]} 55. Rf5 {
[%emt 0:00:02]} Kh8 {[%emt 0:00:01]} 56. Rh5# {[%emt 0:00:01]} 1-0

[Event "Benidorm Satellite preliminary"]
[Site "playchess.com #007036"]
[Date "2009.10.24"]
[Round "13"]
[White "Rashid"]
[Black "Goldaxe"]
[Result "0-1"]
[WhiteElo "2125"]
[BlackElo "2110"]
[PlyCount "98"]
[EventDate "2009.10.24"]
[EventType "swiss (blitz)"]

1. e4 {[%emt 0:00:01]} c5 {[%emt 0:00:01]} 2. Nf3 {[%emt 0:00:02]} d6 {[%emt 0:
00:01]} 3. d4 {[%emt 0:00:02]} cxd4 {[%emt 0:00:01]} 4. Nxd4 {[%emt 0:00:01]}
Nf6 {[%emt 0:00:00]} 5. Nc3 {[%emt 0:00:01]} g6 {[%emt 0:00:01]} 6. g3 {[%emt
0:00:02]} Nc6 {[%emt 0:00:02]} 7. Nde2 {[%emt 0:00:09]} Bg7 {[%emt 0:00:01]} 8.
Bg2 {[%emt 0:00:01]} O-O {[%emt 0:00:01]} 9. O-O {[%emt 0:00:01]} Rb8 {[%emt 0:
00:01]} 10. a4 {[%emt 0:00:03]} a6 {[%emt 0:00:01]} 11. Nd5 {[%emt 0:00:02]} b5
{[%emt 0:00:03]} 12. axb5 {[%emt 0:00:06]} axb5 {[%emt 0:00:00]} 13. Bg5 {
[%emt 0:00:29]} e6 {[%emt 0:00:12]} 14. Nxf6+ {[%emt 0:00:08]} Bxf6 {[%emt 0:
00:01]} 15. Bxf6 {[%emt 0:00:04]} Qxf6 {[%emt 0:00:00]} 16. Qxd6 {[%emt 0:00:
12]} Bb7 {[%emt 0:00:07]} 17. e5 {[%emt 0:00:04]} Nxe5 {[%emt 0:00:12]} 18.
Bxb7 {[%emt 0:00:11]} Rxb7 {[%emt 0:00:03]} 19. Nc3 {[%emt 0:00:28]} Nc4 {
[%emt 0:00:32]} 20. Qc6 {[%emt 0:00:08]} Rb6 {[%emt 0:00:13]} 21. Qc7 {[%emt 0:
00:05]} Rfb8 {[%emt 0:00:09]} 22. Ne4 {[%emt 0:00:54]} Qf5 {[%emt 0:00:09]} 23.
f3 {[%emt 0:00:13]} Ne5 {[%emt 0:00:29] '} 24. Kg2 {[%emt 0:00:11]} R6b7 {
[%emt 0:00:08]} 25. Qc5 {[%emt 0:00:06]} Nc4 {[%emt 0:00:09]} 26. Qxf5 {[%emt
0:00:02]} exf5 {[%emt 0:00:03]} 27. Nc5 {[%emt 0:00:02]} Re7 {[%emt 0:00:15]}
28. Kf2 {[%emt 0:00:01]} Nxb2 {[%emt 0:00:04]} 29. Rae1 {[%emt 0:00:03]} Rbe8 {
[%emt 0:00:03]} 30. Rxe7 {[%emt 0:00:01]} Rxe7 {[%emt 0:00:00]} 31. Rb1 {[%emt
0:00:00]} Na4 {[%emt 0:00:08]} 32. Nxa4 {[%emt 0:00:02]} bxa4 {[%emt 0:00:02]}
33. Rb4 {[%emt 0:00:01]} Ra7 {[%emt 0:00:04]} 34. Rb2 {[%emt 0:00:01]} a3 {
[%emt 0:00:02]} 35. Ra2 {[%emt 0:00:00]} Kf8 {[%emt 0:00:01]} 36. Ke2 {[%emt 0:
00:00]} Ke7 {[%emt 0:00:01]} 37. Kd3 {[%emt 0:00:00]} Kd6 {[%emt 0:00:01]} 38.
Kc3 {[%emt 0:00:01]} Kc5 {[%emt 0:00:09]} 39. Kb3 {[%emt 0:00:01]} Kd4 {[%emt
0:00:02]} 40. Rxa3 {[%emt 0:00:02]} Rxa3+ {[%emt 0:00:03]} 41. Kxa3 {[%emt 0:
00:00]} Kc3 {[%emt 0:00:01]} 42. Ka4 {[%emt 0:00:03]} Kxc2 {[%emt 0:00:01]} 43.
Kb4 {[%emt 0:00:00]} Kd3 {[%emt 0:00:01]} 44. Kc5 {[%emt 0:00:02]} Ke3 {[%emt
0:00:01]} 45. f4 {[%emt 0:00:01]} Kf3 {[%emt 0:00:02]} 46. Kd5 {[%emt 0:00:01]}
Kg2 {[%emt 0:00:01]} 47. Ke5 {[%emt 0:00:01]} Kxh2 {[%emt 0:00:01]} 48. Kf6 {
[%emt 0:00:03]} Kxg3 {[%emt 0:00:01]} 49. Kxf7 {[%emt 0:00:01]} Kxf4 {[%emt 0:
00:01]} 0-1

[Event "Benidorm Satellite preliminary"]
[Site "playchess.com #007036"]
[Date "2009.10.24"]
[Round "13"]
[White "pepecuenca2"]
[Black "Enfanterrible"]
[Result "1-0"]
[WhiteElo "2440"]
[BlackElo "2545"]
[PlyCount "127"]
[EventDate "2009.10.24"]
[EventType "swiss (blitz)"]

1. e4 {[%emt 0:00:08]} d5 {[%emt 0:00:06]} 2. exd5 {[%emt 0:00:02]} Qxd5 {
[%emt 0:00:01]} 3. Nc3 {[%emt 0:00:01]} Qa5 {[%emt 0:00:01]} 4. Bc4 {[%emt 0:
00:01]} Nf6 {[%emt 0:00:01]} 5. d3 {[%emt 0:00:00]} Bg4 {[%emt 0:00:01]} 6. f3
{[%emt 0:00:01]} Bh5 {[%emt 0:00:00]} 7. Bd2 {[%emt 0:00:05]} c6 {[%emt 0:00:
01]} 8. Qe2 {[%emt 0:00:04]} e6 {[%emt 0:00:02]} 9. g4 {[%emt 0:00:03]} Bg6 {
[%emt 0:00:01]} 10. f4 {[%emt 0:00:00]} Be7 {[%emt 0:00:06]} 11. Nd5 {[%emt 0:
00:12]} Qd8 {[%emt 0:00:08]} 12. Nxe7 {[%emt 0:00:01]} Qxe7 {[%emt 0:00:01]}
13. O-O-O {[%emt 0:00:01]} h5 {[%emt 0:00:02]} 14. f5 {[%emt 0:00:31]} exf5 {
[%emt 0:00:06]} 15. Qxe7+ {[%emt 0:00:07]} Kxe7 {[%emt 0:00:01]} 16. Bb4+ {
[%emt 0:00:01]} Kd8 {[%emt 0:00:06]} 17. gxf5 {[%emt 0:00:01]} Bxf5 {[%emt 0:
00:01]} 18. Bxf7 {[%emt 0:00:01]} Nbd7 {[%emt 0:00:16]} 19. Nf3 {[%emt 0:00:01]
} Bg4 {[%emt 0:00:01]} 20. Ng5 {[%emt 0:00:20]} Bxd1 {[%emt 0:00:03]} 21. Rxd1
{[%emt 0:00:03]} Ne5 {[%emt 0:00:01]} 22. Bb3 {[%emt 0:00:04]} Nd5 {[%emt 0:00:
15]} 23. Bxd5 {[%emt 0:00:23]} cxd5 {[%emt 0:00:03]} 24. Bc3 {[%emt 0:00:03]}
Ng4 {[%emt 0:00:04]} 25. Nf7+ {[%emt 0:00:06]} Kd7 {[%emt 0:00:00]} 26. Nxh8 {
[%emt 0:00:06]} Rxh8 {[%emt 0:00:01]} 27. Rg1 {[%emt 0:00:18]} Rg8 {[%emt 0:00:
21]} 28. h3 {[%emt 0:00:05]} Nf2 {[%emt 0:00:01]} 29. Rg3 {[%emt 0:00:13]} g5 {
[%emt 0:00:03]} 30. Be1 {[%emt 0:00:07]} h4 {[%emt 0:00:06]} 31. Rf3 {[%emt 0:
00:05]} Nh1 {[%emt 0:00:08]} 32. Rf1 {[%emt 0:00:01]} Ng3 {[%emt 0:00:03]} 33.
Bxg3 {[%emt 0:00:01]} hxg3 {[%emt 0:00:00]} 34. Rg1 {[%emt 0:00:00]} Ke6 {
[%emt 0:00:00]} 35. Rxg3 {[%emt 0:00:01]} Kf5 {[%emt 0:00:00]} 36. Kd2 {[%emt
0:00:02]} Kf4 {[%emt 0:00:00]} 37. Rg4+ {[%emt 0:00:03]} Kf5 {[%emt 0:00:05]}
38. Ke3 {[%emt 0:00:03]} Re8+ {[%emt 0:00:02]} 39. Kf2 {[%emt 0:00:14]} Rh8 {
[%emt 0:00:04]} 40. Rg3 {[%emt 0:00:06]} Rc8 {[%emt 0:00:01]} 41. c3 {[%emt 0:
00:01]} Rc6 {[%emt 0:00:04]} 42. Rf3+ {[%emt 0:00:01]} Ke5 {[%emt 0:00:04]} 43.
Kg3 {[%emt 0:00:00]} Ra6 {[%emt 0:00:01]} 44. a3 {[%emt 0:00:01]} Rb6 {[%emt 0:
00:00]} 45. Rf2 {[%emt 0:00:01]} Rh6 {[%emt 0:00:07]} 46. Re2+ {[%emt 0:00:04]}
Kf5 {[%emt 0:00:01]} 47. Rf2+ {[%emt 0:00:01]} Ke5 {[%emt 0:00:01]} 48. Kg4 {
[%emt 0:00:04]} Rh4+ {[%emt 0:00:01]} 49. Kxg5 {[%emt 0:00:03]} Rxh3 {[%emt 0:
00:00]} 50. d4+ {[%emt 0:00:08]} Ke4 {[%emt 0:00:06]} 51. Rf7 {[%emt 0:00:01]}
Rg3+ {[%emt 0:00:00]} 52. Kh4 {[%emt 0:00:01]} Rg2 {[%emt 0:00:06]} 53. Rxb7 {
[%emt 0:00:01]} a5 {[%emt 0:00:00]} 54. a4 {[%emt 0:00:01]} Kd3 {[%emt 0:00:01]
} 55. Rb5 {[%emt 0:00:03]} Ke4 {[%emt 0:00:03]} 56. Kh3 {[%emt 0:00:05]} Rg1 {
[%emt 0:00:10]} 57. Rxa5 {[%emt 0:00:03]} Kf3 {[%emt 0:00:01]} 58. Kh4 {[%emt
0:00:00]} Kf4 {[%emt 0:00:05]} 59. Kh5 {[%emt 0:00:01]} Ke4 {[%emt 0:00:00]}
60. Rb5 {[%emt 0:00:03]} Ra1 {[%emt 0:00:01]} 61. a5 {[%emt 0:00:01]} Ra2 {
[%emt 0:00:02]} 62. Kg6 {[%emt 0:00:01]} Kd3 {[%emt 0:00:01]} 63. Kf6 {[%emt 0:
00:01]} Kc4 {[%emt 0:00:00]} 64. Rc5+ {[%emt 0:00:02] Enfanterrible rinde} 1-0

[Event "Benidorm Satellite preliminary"]
[Site "playchess.com #007036"]
[Date "2009.10.24"]
[Round "13"]
[White "Dr-Bassem"]
[Black "FaIlWoRd"]
[Result "1/2-1/2"]
[WhiteElo "2807"]
[BlackElo "2704"]
[PlyCount "103"]
[EventDate "2009.10.24"]
[EventType "swiss (blitz)"]

1. e4 {[%emt 0:00:01]} e5 {[%emt 0:00:01]} 2. Nf3 {[%emt 0:00:01]} Nf6 {[%emt
0:00:01]} 3. Nxe5 {[%emt 0:00:01]} d6 {[%emt 0:00:01]} 4. Nf3 {[%emt 0:00:00]}
Nxe4 {[%emt 0:00:00]} 5. Nc3 {[%emt 0:00:00]} Nxc3 {[%emt 0:00:02]} 6. dxc3 {
[%emt 0:00:00]} Be7 {[%emt 0:00:03]} 7. Be3 {[%emt 0:00:01]} Nc6 {[%emt 0:00:
01]} 8. Bd3 {[%emt 0:00:01]} Be6 {[%emt 0:00:01]} 9. Qe2 {[%emt 0:00:01]} Qd7 {
[%emt 0:00:02]} 10. O-O-O {[%emt 0:00:00]} a6 {[%emt 0:00:04]} 11. Kb1 {[%emt
0:00:02]} h6 {[%emt 0:00:03]} 12. h3 {[%emt 0:00:03]} d5 {[%emt 0:00:05]} 13.
g4 {[%emt 0:00:05]} f5 {[%emt 0:00:44]} 14. g5 {[%emt 0:00:14]} h5 {[%emt 0:00:
09]} 15. Rhe1 {[%emt 0:00:02]} Kf7 {[%emt 0:01:20]} 16. g6+ {[%emt 0:00:03]}
Kxg6 {[%emt 0:00:08]} 17. Bd4 {[%emt 0:00:01]} Kf7 {[%emt 0:00:07]} 18. Rg1 {
[%emt 0:00:23]} Bf6 {[%emt 0:00:02]} 19. Ng5+ {[%emt 0:00:03]} Bxg5 {[%emt 0:
00:02]} 20. Rxg5 {[%emt 0:00:00]} Nxd4 {[%emt 0:00:01]} 21. cxd4 {[%emt 0:00:
02]} g6 {[%emt 0:00:02]} 22. Rdg1 {[%emt 0:00:07]} Rhg8 {[%emt 0:00:02]} 23.
Qe5 {[%emt 0:00:12]} Qd6 {[%emt 0:00:04]} 24. Qxd6 {[%emt 0:00:12]} cxd6 {
[%emt 0:00:01]} 25. h4 {[%emt 0:00:04]} Kf6 {[%emt 0:00:03]} 26. c3 {[%emt 0:
00:02]} Bf7 {[%emt 0:00:02]} 27. Kc2 {[%emt 0:00:03]} Rge8 {[%emt 0:00:01]} 28.
Kd2 {[%emt 0:00:01]} Re7 {[%emt 0:00:01]} 29. a4 {[%emt 0:00:06]} Rae8 {[%emt
0:00:02]} 30. a5 {[%emt 0:00:02]} Rc8 {[%emt 0:00:07]} 31. Ra1 {[%emt 0:00:02]}
Be8 {[%emt 0:00:06]} 32. Ra3 {[%emt 0:00:04]} Bb5 {[%emt 0:00:13]} 33. Bxb5 {
[%emt 0:00:14]} axb5 {[%emt 0:00:00]} 34. Rg3 {[%emt 0:00:02]} f4 {[%emt 0:00:
08]} 35. Rd3 {[%emt 0:00:28] .} Rce8 {[%emt 0:00:02]} 36. f3 {[%emt 0:00:01]}
Re1 {[%emt 0:00:04]} 37. Kc2 {[%emt 0:00:01]} R8e2+ {[%emt 0:00:06]} 38. Rd2 {
[%emt 0:00:06]} g5 {[%emt 0:00:03]} 39. hxg5+ {[%emt 0:00:02]} Kxg5 {[%emt 0:
00:00]} 40. Rb3 {[%emt 0:00:01]} h4 {[%emt 0:00:04]} 41. Rxb5 {[%emt 0:00:01]}
h3 {[%emt 0:00:02]} 42. Rxb7 {[%emt 0:00:27]} Rxd2+ {[%emt 0:00:01]} 43. Kxd2 {
[%emt 0:00:01]} h2 {[%emt 0:00:02]} 44. Rh7 {[%emt 0:00:05]} h1=Q {[%emt 0:00:
01]} 45. Rxh1 {[%emt 0:00:01]} Rxh1 {[%emt 0:00:00]} 46. b4 {[%emt 0:00:04]}
Ra1 {[%emt 0:00:01]} 47. Kc2 {[%emt 0:00:01]} Kh4 {[%emt 0:00:03]} 48. Kb2 {
[%emt 0:00:00]} Ra4 {[%emt 0:00:01]} 49. Kb3 {[%emt 0:00:00]} Ra1 {[%emt 0:00:
01]} 50. Kb2 {[%emt 0:00:00]} Ra4 {[%emt 0:00:01]} 51. Kb3 {[%emt 0:00:01]} Ra1
{[%emt 0:00:01]} 52. Kb2 {[%emt 0:00:00]} 1/2-1/2

[Event "Benidorm Satellite preliminary"]
[Site "playchess.com #007036"]
[Date "2009.10.24"]
[Round "13"]
[White "Racoony"]
[Black "Vasily Mln"]
[Result "0-1"]
[WhiteElo "1800"]
[BlackElo "2047"]
[PlyCount "90"]
[EventDate "2009.10.24"]
[EventType "swiss (blitz)"]

1. d4 {[%emt 0:00:02]} Nf6 {[%emt 0:00:01]} 2. c4 {[%emt 0:00:02]} c5 {[%emt 0:
00:01]} 3. d5 {[%emt 0:00:02]} b5 {[%emt 0:00:01]} 4. cxb5 {[%emt 0:00:01]} a6
{[%emt 0:00:00]} 5. bxa6 {[%emt 0:00:02]} g6 {[%emt 0:00:01]} 6. Nf3 {[%emt 0:
00:01]} Bg7 {[%emt 0:00:03]} 7. Nc3 {[%emt 0:00:02]} Bxa6 {[%emt 0:00:01]} 8.
g3 {[%emt 0:00:01]} O-O {[%emt 0:00:01]} 9. Bg2 {[%emt 0:00:01]} d6 {[%emt 0:
00:00]} 10. O-O {[%emt 0:00:06]} Nbd7 {[%emt 0:00:00]} 11. Rb1 {[%emt 0:00:03]}
Qb6 {[%emt 0:00:03]} 12. b3 {[%emt 0:00:06]} Rfb8 {[%emt 0:01:10]} 13. Bd2 {
[%emt 0:00:05]} Bb7 {[%emt 0:00:09]} 14. e4 {[%emt 0:00:10]} Ng4 {[%emt 0:00:
06]} 15. h3 {[%emt 0:00:08]} Nge5 {[%emt 0:00:02]} 16. Nxe5 {[%emt 0:00:01]}
Nxe5 {[%emt 0:00:00]} 17. Re1 {[%emt 0:00:14]} Ba6 {[%emt 0:00:35]} 18. Bf1 {
[%emt 0:00:11]} Bxf1 {[%emt 0:00:04]} 19. Rxf1 {[%emt 0:00:11]} Nd3 {[%emt 0:
00:02]} 20. Qe2 {[%emt 0:00:09]} Qa6 {[%emt 0:00:04]} 21. a4 {[%emt 0:00:14]}
Nb4 {[%emt 0:01:03]} 22. Qxa6 {[%emt 0:00:07]} Rxa6 {[%emt 0:00:00]} 23. Nb5 {
[%emt 0:00:06]} Nd3 {[%emt 0:00:01]} 24. Bc3 {[%emt 0:00:12]} Bxc3 {[%emt 0:00:
06]} 25. Nxc3 {[%emt 0:00:02]} Rab6 {[%emt 0:00:02]} 26. Nb5 {[%emt 0:00:02]}
Nb4 {[%emt 0:00:05]} 27. Rfe1 {[%emt 0:00:10]} f6 {[%emt 0:00:01]} 28. f4 {
[%emt 0:00:02]} Kf7 {[%emt 0:00:03]} 29. Rbd1 {[%emt 0:00:05]} R6b7 {[%emt 0:
00:01]} 30. e5 {[%emt 0:00:02]} Rb6 {[%emt 0:00:07]} 31. exf6 {[%emt 0:00:03]}
Kxf6 {[%emt 0:00:01]} 32. Re6+ {[%emt 0:00:02]} Kf7 {[%emt 0:00:01]} 33. Rde1 {
[%emt 0:00:02]} R8b7 {[%emt 0:00:01]} 34. Nc3 {[%emt 0:00:09]} Nd3 {[%emt 0:00:
01]} 35. R1e3 {[%emt 0:00:02]} Nb4 {[%emt 0:00:03]} 36. g4 {[%emt 0:00:05]} Nc2
{[%emt 0:00:00]} 37. R3e4 {[%emt 0:00:29] .} Nd4 {[%emt 0:00:01]} 38. f5 {
[%emt 0:00:22]} Rxb3 {[%emt 0:00:03]} 39. fxg6+ {[%emt 0:00:01]} hxg6 {[%emt 0:
00:02]} 40. Rf4+ {[%emt 0:00:04]} Kg7 {[%emt 0:00:01]} 41. Re3 {[%emt 0:00:14]}
Rxc3 {[%emt 0:00:01]} 42. Rxc3 {[%emt 0:00:02]} Ne2+ {[%emt 0:00:01]} 43. Kf2 {
[%emt 0:00:01]} Nxf4 {[%emt 0:00:02]} 44. Kf3 {[%emt 0:00:05]} Nxd5 {[%emt 0:
00:02]} 45. Rd3 {[%emt 0:00:02]} e6 {[%emt 0:00:01] Racoony gibt auf} 0-1